Nghề truyền thống ở Hội An

Gardado en:
Detalles Bibliográficos
Autor Principal: Trần, Văn An
Formato: Libro
Idioma:Undetermined
Publicado: Hà Nội Văn hóa - Thông tin 2012
Những chủ đề:
Các nhãn: Engadir etiqueta
Sen Etiquetas, Sexa o primeiro en etiquetar este rexistro!
Thư viện lưu trữ: Trung tâm Học liệu Trường Đại học Cần Thơ
LEADER 00582nam a2200181Ia 4500
001 CTU_179719
008 210402s9999 xx 000 0 und d
082 |a 745.19597 
082 |b A105 
100 |a Trần, Văn An 
245 0 |a Nghề truyền thống ở Hội An 
245 0 |c Trần Văn An (chủ nhiệm công trình) 
260 |a Hà Nội 
260 |b Văn hóa - Thông tin 
260 |c 2012 
650 |a Folk art,Nghề thủ công truyền thống 
910 |a Nguyên 
980 |a Trung tâm Học liệu Trường Đại học Cần Thơ